Autoroute A13 - Statistiques

Statistiques générales
  • Ce quiz a été pris 43 fois
  • Le résultat moyen est 38 sur 134
Statistiques - réponses
Indice Réponse % Correct
Frontière départementale Paris
96%
Pont Pont sur la Seine
92%
Frontière départementale Hauts-de-Seine
88%
Frontière départementale Yvelines
88%
Frontière départementale Eure
81%
Frontière départementale Calvados
77%
Frontière départementale Seine-Maritime
77%
Sortie 11 Mantes est
69%
Sortie 13 Mantes ouest
69%
Sortie 12 Mantes sud
69%
Frontière régionale Normandie
69%
Frontière régionale Île-de-France
65%
Sortie 16 Vernon
65%
Échangeur A12
62%
Échangeur A14
58%
Échangeur A86
58%
Échangeur Périphérique
58%
Sortie 19 Val-de-Reuil
58%
Échangeur A28
54%
Échangeur A29
54%
Sortie 8 Les Mureaux
50%
Aire de service | Gare de péage | Sortie 28 Beuzeville
46%
Sortie 17 Gaillon
46%
Frontière départementale Manche
46%
Gare de péage | Sortie 30 Dozulé
42%
Sortie 1 Porte d'Auteuil
42%
Sortie 14 Bonnières
38%
Sortie 22 Oissel
38%
Sortie 4 Saint-Cloud
38%
Sortie 36 Bayeux est
35%
Sortie 38 Bayeux ouest
35%
Sortie 37 Bayeux sud
35%
Sortie 3 Boulogne-Billancourt
35%
Sortie 7 Orgeval
35%
Sortie Pont-l'Évêque
35%
Aire de service Rosny-sur-Seine
35%
Tunnel Tunnel de Saint-Cloud
35%
Pont Viaduc de Saint-Cloud
35%
Échangeur A131
31%
Échangeur A154
31%
Sortie 43 Carentan est
31%
Sortie 44 Carentan ouest
31%
Aire de repos | Sortie 10 Épône
31%
Gare de péage Buchelay
27%
Sortie 9 Flins
27%
Sortie 21 Tourville-la-Rivière
27%
Sortie 51 Valognes est
27%
Sortie 54 Valognes nord
27%
Sortie 52 Valognes ouest
27%
Sortie 51 Valognes sud
27%
Échangeur A132
23%
Sortie 6 Le Chesnay
23%
Aire de service Morainvilliers
23%
Sortie 31 Troarn
23%
Sortie 5 Vaucresson
23%
Échangeur A139
19%
Sortie 2 Bois de Boulogne
19%
Gare de péage | Sortie 18 Heudebouville
19%
Tunnel Tunnel Ambroise Paré
19%
Aire de repos Bord
15%
Sortie 31 Carpiquet
15%
Sortie 41.1 Isigny-sur-Mer
15%
Sortie 42 Isigny-sur-Mer centre
15%
Sortie 47 Sainte-Mère-Église
15%
Tunnel Tranchée couverte de Mantes-la-Ville
15%
Aire de service Vironvay
15%
Échangeur A813
12%
Aire de service Bosgouet
12%
Sortie 25 Bourg-Achard
12%
Sortie 26 Bourneville
12%
Sortie 15 Chaufour
12%
Sortie 23 Grand-Couronne
12%
Aire de repos Josapha
12%
Sortie 40 La Cambe
12%
Échangeur N174
12%
Sortie 32 Rots
12%
Aire de repos Rougemontiers
12%
Aire de repos Beauchêne nord
8%
Aire de repos Beauchêne sud
8%
Sortie 20 Criquebeuf
8%
Aire de repos Douains
8%
Aire de repos Éturqueraye
8%
Aire de service Giberville
8%
Sortie 29 La Haie Tondue
8%
Aire de repos La Villeneuve-en-Chevrie
8%
Sortie 35 Loucelles
8%
Échangeur N814
8%
Pont Pont sur la Risle
8%
Sortie 55 Saint-Joseph
8%
Sortie 27 Toutainville
8%
Aire de repos Annebault
4%
Aire de repos Beaumont-en-Auge
4%
Sortie 24 La Maison Brûlée
4%
Sortie 50 Montebourg nord
4%
Sortie 50 Montebourg sud
4%
Échangeur N13
4%
Sortie 37.1 Barbeville
0%
Sortie 33 Bretteville-l'Orgueilleuse
0%
Sortie 57 Delasse
0%
Sortie 39 Formigny
0%
Sortie 49 Joganville
0%
Sortie 46 La Croix Pan
0%
Aire de service Le Manoir de Cantepie
0%
Aire de repos Le Moulin
0%
Sortie 46 Les Forges
0%
Sortie Le Vieux Pont
0%
Sortie 56 Mont-à-la-Quesne
0%
Sortie 48 Neuville-au-Plain
0%
Sortie 41 Osmanville
0%
Pont Pont sur la D113 et les voies SNCF
0%
Pont Pont sur la Douve
0%
Pont Pont sur l'Aure inférieure
0%
Pont Pont sur l'Aure supérieure
0%
Sortie 34 Putot-en-Bessin
0%
Sortie 45 Saint-Côme-du-Mont
0%
Sortie Surrain
0%
Tunnel Tranchée couverte sous la Passe de Carentan
0%
Sortie 53 Z.A. d'Armanville
0%
Aucun quiz correspondant
Distribution des résultats
% des personnes avec chaque résultat
Percentile par nombre de réponses
Votre historique - résultats
Vous n’avez pas pris ce quiz